|
|
|
|
| LEADER |
00000nam a2200000 a 4500 |
| 001 |
UCZ0698 |
| 003 |
CL-VaPUC |
| 008 |
950809e19820000SP |||||||||||||||||spa|d |
| 082 |
0 |
4 |
|a 465
|b ALS
|2 21
|
| 100 |
0 |
|
|a Alsina, Ramón
|e author
|9 343833
|
| 245 |
1 |
0 |
|a Todos los verbos castellanos conjugados
|
| 250 |
|
|
|a 12a. ed
|
| 300 |
|
|
|a 237 p
|
| 942 |
|
|
|c BK
|
| 945 |
|
|
|d 19950809 00:00:00
|a mfernand
|
| 260 |
|
|
|a Barcelona
|b Teide
|c 1982
|
| 650 |
|
0 |
|a Gramática
|9 270497
|
| 650 |
|
0 |
|a Morfología Lingüística
|9 340777
|
| 650 |
|
0 |
|a Español
|9 255372
|
| 583 |
|
|
|a last modification
|c 19950809 00:00:00
|k Rodrigo Vera
|
| 999 |
|
|
|c 237608
|d 237606
|